| 000 | 00470nam a2200145 i 4500 | ||
|---|---|---|---|
| 001 | 82445 | ||
| 003 | ES-MaACL | ||
| 007 | t| | ||
| 008 | 041110s1909 gw ||||1| lat d | ||
| 100 | 1 |
_aIhm, Maximilianus. _965159 |
|
| 245 | 1 | 0 |
_aPaleographia latina _b: exempla codicum latinorum phototypice expressa / _cscholarum maxime in usum edidit Maximilinus Ihm ; Series I. |
| 260 |
_aLipsiae : _bTeubner, _c[1909] |
||
| 300 |
_a22 lám. ; _c45 cm. |
||
| 852 |
_aES-MaACL _jB-9698 |
||
| 999 |
_c82445 _d82445 |
||